000 00974cab a22002295a 4500
001 L155306
008 120315e20120310xxk 000 0 eng d
035 _a(Sirsi) u155306
041 0 _aeng
100 1 _aSimmons, Mark
245 0 0 _aFocusbBerks, Bucks and Oxon
260 _c2012
490 _aEstates Gazette
_v(1210) 10 March 2012, 67-79(9)
520 _aOccupiers are finding shortage of Grade A available office space around the Thames Valley, the emergence of Banbury as a retail and industrial hot spot, notes the oversupply of secondary stock in certain areas. Market health check on office and industrial rents, take up and availability in Reading town centre and out of town, Maindenhead, Bracknell, Slough, Oxford and Milton Keynes, High Wycombe, Banbury and Bicester.
590 _aKA
651 4 _aBERKSHIRE
651 4 _aBuckinghamshire
651 4 _aOxfordshire
690 _aCommercial property
_96227
700 1 _aWehner, Piers
942 _n0
999 _c83847
_d83847